00417 a2200145 450000100060000002000150000604000240002110000230004524000730006824500680014130000070020936200090021644000150022565000310024069553 a8516043436 cAnchieta - Itaigara aCastro, Hermínia10aO caramujo que tinha dentro o mar inteiro, e outras históriaslpor10aO caramujo que tinha dentro o mar inteiro, e outras histórias a390 a2004 1aSalamandra 4aLiteratura infanto-juvenil